[Event "CRO-ch U11"]
[Site "Trogir"]
[Date "2022.06.27"]
[Round "9"]
[White "Tomac, Matej"]
[Black "Apostolovski, Filip"]
[Result "0-1"]
[WhiteElo "1774"]
[BlackElo "1233"]
[PlyCount "99"]
[EventDate "2022.06.22"]
[EventType "swiss"]
[EventRounds "9"]
[EventCountry "CRO"]
[SourceTitle "CBM 209 Extra"]
[Source "ChessBase"]
[SourceDate "2022.09.30"]
[SourceVersion "1"]
[SourceVersionDate "2022.09.30"]
[SourceQuality "1"]

1. e4 c5 2. Nf3 d6 3. Bc4 Nf6 4. Ng5 e6 5. Nc3 h6 6. Nf3 a6 7. a4 Be7 8. 0-0 0-0 9. d3 Nc6 10. d4 cxd4 11. Nxd4 Nxd4 12. Qxd4 Qc7 13. Bb3 Bd7 14. Qd3 Bc6 15. Re1 Rac8 16. Qg3 Kh8 17. Bd2 b6 18. h3 Qb7 19. Qf3 Rc7 20. Re3 d5 21. exd5 exd5 22. Re5 d4 23. Nd5 Nxd5 24. Bxd5 Bxd5 25. Qxd5 Qxd5 26. Rxd5 Rxc2 27. Rxd4 Rxb2 28. a5 Bf6 29. Be3 Bxd4 30. Bxd4 Rb4 31. Bxb6 Rb5 32. Kh2 Rc8 33. Rd1 Rc2 34. Rd8+ Kh7 35. Ra8 Kg6 36. Rxa6 Ra2 37. Kg3 Rb3+ 38. f3 f6 39. Bc7 Rbb2 40. Ra8 Kf5 41. f4 Rxg2+ 42. Kf3 Rgc2 43. Bb6 Ra3+ 44. Be3 Rcc3 45. a6 Rxe3+ 46. Kg2 Reb3 47. Re8 Rb2+ 48. Kf1 Ra1+ 49. Re1 Rxe1+ 50. Kxe1 0-1

[Event "CRO-ch U11"]
[Site "Trogir"]
[Date "2022.06.26"]
[Round "8"]
[White "Apostolovski, Filip"]
[Black "Kaselic, Noa"]
[Result "0-1"]
[WhiteElo "1233"]
[BlackElo "1226"]
[PlyCount "136"]
[EventDate "2022.06.22"]
[EventType "swiss"]
[EventRounds "9"]
[EventCountry "CRO"]
[SourceTitle "CBM 209 Extra"]
[Source "ChessBase"]
[SourceDate "2022.09.30"]
[SourceVersion "1"]
[SourceVersionDate "2022.09.30"]
[SourceQuality "1"]

1. d4 d5 2. Bf4 e6 3. e3 Nf6 4. Nf3 Bd6 5. Bg3 c5 6. c3 0-0 7. Bxd6 Qxd6 8. Bd3 c4 9. Bc2 Nbd7 10. 0-0 b6 11. Nbd2 Bb7 12. Qe2 h6 13. e4 dxe4 14. Nxe4 Nxe4 15. Bxe4 Bxe4 16. Qxe4 Nf6 17. Qe2 b5 18. a4 a6 19. Ra2 Nd5 20. Rfa1 b4 21. Rc1 b3 22. Raa1 Rac8 23. Ne5 a5 24. Nxc4 Qa6 25. Ra3 Qxc4 26. Qxc4 Rxc4 27. Rxb3 Rxa4 28. c4 Rc8 29. c5 Rxd4 30. Rb5 Rb4 31. Rxa5 Rxb2 32. c6 Ne7 33. h3 Rxc6 34. Ra8+ Kh7 35. Rxc6 Nxc6 36. Rc8 Nd4 37. Rc4 Nb5 38. g3 Kg6 39. Rg4+ Kh7 40. Rc4 Nd6 41. Rd4 Nf5 42. Rd7 Kg6 43. g4 Nh4 44. Rd3 Kf6 45. Kf1 Ng6 46. Rf3+ Ke7 47. Kg1 Ne5 48. Re3 Nc4 49. Rc3 Ne5 50. Kg2 g5 51. Kg3 Kd6 52. Rc8 Kd5 53. Rh8 Nd3 54. Rxh6 Nxf2 55. Kf3 Ne4 56. Rh8 Rb3+ 57. Ke2 f5 58. gxf5 exf5 59. Rd8+ Nd6 60. Rg8 Rxh3 61. Rxg5 Rh2+ 62. Kf3 Ke5 63. Rg1 Ne4 64. Re1 Rf2+ 65. Ke3 f4+ 66. Kd3 Rd2+ 67. Kc4 f3 68. Rf1 f2 0-1

[Event "CRO-ch U11"]
[Site "Trogir"]
[Date "2022.06.24"]
[Round "5"]
[White "Ribic, Ivan"]
[Black "Apostolovski, Filip"]
[Result "0-1"]
[WhiteElo "1018"]
[BlackElo "1233"]
[PlyCount "80"]
[EventDate "2022.06.22"]
[EventType "swiss"]
[EventRounds "9"]
[EventCountry "CRO"]
[SourceTitle "CBM 209 Extra"]
[Source "ChessBase"]
[SourceDate "2022.09.30"]
[SourceVersion "1"]
[SourceVersionDate "2022.09.30"]
[SourceQuality "1"]

1. d4 c5 2. Nf3 e6 3. Bf4 Nf6 4. h3 Nc6 5. e3 d5 6. c4 cxd4 7. exd4 Bb4+ 8. Nc3 Ne4 9. Qd3 Qa5 10. Bd2 0-0 11. a3 h6 12. Be2 Bxc3 13. Bxc3 Nxc3 14. Qxc3 Qxc3+ 15. bxc3 dxc4 16. Bxc4 a6 17. Ne5 Nxe5 18. dxe5 b5 19. Be2 Bb7 20. 0-0 Rfc8 21. Rac1 Rc5 22. f4 Rac8 23. Bf3 Bxf3 24. Rxf3 a5 25. Rb1 a4 26. Kf2 Rxc3 27. Rxc3 Rxc3 28. Rxb5 Rxa3 29. Rb8+ Kh7 30. Ra8 Ra1 31. Ke2 a3 32. Kd2 a2 33. Kc2 Rg1 34. Rxa2 Rxg2+ 35. Kb3 Rxa2 36. Kxa2 Kg6 37. Kb3 Kf5 38. Kc3 Kxf4 39. Kd3 Kxe5 40. Ke3 f5 0-1

[Event "EU-ch Hybrid U10"]
[Site "Tornelo INT"]
[Date "2021.10.15"]
[Round "5"]
[White "Apostolovski, Filip"]
[Black "Artemis, Sotiris"]
[Result "0-1"]
[WhiteElo "1277"]
[BlackElo "1030"]
[PlyCount "70"]
[EventDate "2021.10.15"]
[EventType "swiss"]
[EventRounds "9"]
[EventCountry "NET"]
[SourceTitle "EXT 2023"]
[Source "ChessBase"]
[SourceDate "2022.10.05"]
[SourceVersion "1"]
[SourceVersionDate "2022.10.05"]
[SourceQuality "1"]
[WhiteTeam "Croatia"]
[BlackTeam "Zypern"]
[WhiteTeamCountry "CRO"]
[BlackTeamCountry "CYP"]

1. d4 Nf6 2. Nf3 e6 3. Bf4 d5 4. e3 c5 5. c3 Nc6 6. Bd3 c4 7. Bc2 Bd6 8. Bg3 Bxg3 9. hxg3 Qb6 10. b3 Na5 11. Nbd2 Qc7 12. b4 Nc6 13. Ba4 Bd7 14. Bxc6 Bxc6 15. Ne5 0-0 16. g4 Nd7 17. Nxc6 Qxc6 18. g5 e5 19. Qh5 Qg6 20. Qh3 Rad8 21. dxe5 Nxe5 22. f4 Nd3+ 23. Ke2 f5 24. Nf3 Rde8 25. Nd4 Nxf4+ 26. Kf3 Nxh3 27. Rxh3 Qxg5 28. Kf2 f4 29. Nf3 fxe3+ 30. Kg1 Qf4 31. Rh4 Qg3 32. Rh3 Qf2+ 33. Kh2 e2 34. Ne1 Re3 35. Rh5 Qg3+ 0-1

[Event "EU-ch Hybrid U10"]
[Site "Tornelo INT"]
[Date "2021.10.15"]
[Round "8"]
[White "Emanuilov, Radoslav"]
[Black "Apostolovski, Filip"]
[Result "1/2-1/2"]
[WhiteElo "1166"]
[BlackElo "1277"]
[PlyCount "27"]
[EventDate "2021.10.15"]
[EventType "swiss"]
[EventRounds "9"]
[EventCountry "NET"]
[SourceTitle "EXT 2023"]
[Source "ChessBase"]
[SourceDate "2022.10.05"]
[SourceVersion "1"]
[SourceVersionDate "2022.10.05"]
[SourceQuality "1"]
[WhiteTeam "Bulgaria"]
[BlackTeam "Croatia"]
[WhiteTeamCountry "BUL"]
[BlackTeamCountry "CRO"]

1. e4 c5 2. Nf3 d6 3. d4 cxd4 4. Nxd4 Nf6 5. Nc3 a6 6. f4 e6 7. Be2 Be7 8. 0-0 0-0 9. Bf3 Nbd7 10. Qe2 Qb6 11. Qe3 Re8 12. e5 dxe5 13. fxe5 Bc5 14. Rd1 1/2-1/2